| 000 | 00631nam a2200193 a 4500 | ||
|---|---|---|---|
| 001 | 000022141 | ||
| 005 | 20200930011611.0 | ||
| 008 | 100917s2000 dr a 000 0 spa d | ||
| 040 |
_aDO-SdBNP _bspa _cBNPHU |
||
| 082 |
_axxx _bB862b |
||
| 100 | 1 |
_aBrito Ovalle, Antonio Manuel _914359 |
|
| 245 | 1 | 0 |
_aBreve manual de educación estética / _cAntonio Manuel Brito Ovalle. |
| 260 |
_aSanto Domingo : _b[s. n.], _c2000. |
||
| 300 |
_a113 p. : _bil. ; _c21 cm. |
||
| 500 | _aIncluye índice de cuadros | ||
| 500 | _aIncluye datos biográficos del autor en la contracubierta | ||
| 504 | _aBibliografías : p. 112-113 | ||
| 049 | _aBNPD | ||
| 999 |
_c21639 _d21639 |
||